Political Parties of France Quiz - Statistics

General Stats
  • This quiz has been taken 418 times
  • The average score is 11 of 59
Answer Stats
Hint Answer % Correct
Major social democratic party of France Parti socialiste
90%
Major party that is Centrist Conservative Christian. Is also Pro-Europe Les Républicains
83%
Nationalist far right party that has been depicted as the primary opposition during election times Rassemblement National
83%
Party of the current president. La République En Marche !
80%
Major left wing populist party with over 500,000 members La France Insoumise
71%
Biggest environmental party in France Europe Écologie Les Verts
69%
Marxist-Leninist party Parti communiste français
68%
Centrist Christian democracy party Mouvement démocrate
46%
A smaller environmentalist and pro european party En Commun
44%
Anti immigration party Reconquête
35%
Party created primarily to attract support for the current president during the 2022 election Horizons
30%
A party that aims to strengthen the left movement Ensemble!
25%
A party with an ironic name Parti radical
21%
A party composed of many different political parties that merged as a coalition against the bigger parties Union des démocrates et indépendants
21%
A Gaullist party that is eurosceptic and right wing populist Debout la France
17%
Moderate liberal party Mouvement libéral et modéré
17%
French Guyana Guyane rassemblement
15%
Ruralist centre party Résistons!
15%
Yet another small environmentalist party Parti écologiste
13%
Another party that aims to regather the left Génération.s
12%
A smaller social democratic populist party Parti de Gauche
12%
Varient of the ironic party Parti radical de Gauche
12%
Small politically central party Les Centristes
10%
Pro European and social democratic party Place Publique
10%
Centre left party Territoires de Progrès
10%
A liberal alternative to one of the major parties Agir, la droite constructive
9%
An alliance of politically central people Alliance centriste
8%
Corsica Femu a Corsica
8%
Pro European party Force européenne démocrate
8%
Another small environmentalist party Génération écologie
8%
A new centre left party Les Nouveaux Démocrates
8%
Réunion For Réunion
7%
Marxist party Parti ouvrier indépendant
7%
Nationalist and extremely eurosceptical party Les Patriotes
6%
Provence-Alpes-Côte d'Azur Ligue du Sud
6%
Centre-Left Keynesian party Nouvelle Donne
6%
Picardy Picardie debout
6%
A small liberal conservative party Soyons Libres
6%
New Caledonia Calédonie ensemble
5%
Corsica Parti de la Nation corse
5%
Martinique Péyi-A
5%
Similar to the last one Mouvement des progressistes
4%
Left wing gaullist party Mouvement républicain et citoyen
4%
Saint Pierre and Miquelon Archipel Demain
3%
A Green Liberal party Cap écologie
3%
Saint Pierre and Miquelon Cap sur l'avenir
3%
Centrist left wing party Gauche Moderne
3%
Eurosceptic socialist party Gauche républicaine et socialiste
3%
Guadaloupe Guadeloupe unie, solidaire et responsable
3%
Small social democratic party La Force du 13
3%
A centre-left green party Liberté Ecologie Fraternité
3%
Another small social democratic party Mouvement des citoyens
3%
Réunion Rézistans Equality 974
3%
French Polynesia Tapura Huiraatira
3%
French Polynesia Tavini Huiraatira
3%
Martinique Bâtir le Pays Martinique
2%
I have no idea on this one. Any comments about it would be appreciated. Démocratie et République
2%
Similar to the last one Génération citoyens
2%
Centre left party Initiative démocratique de gauche
2%
No matching quizzes found
Score Distribution
Percent of People with Each Score
Percentile by Number Answered
Your Score History
You have not taken this quiz